书目信息 |
| 题名: |
聚氨酯树脂防腐蚀涂料及应用
|
|
| 作者: | 刘娅莉 , 徐龙贵 编著 | |
| 分册: | ||
| 出版信息: | 北京 化学工业出版社 2006.03 |
|
| 页数: | 498页 | |
| 开本: | 21cm | |
| 丛书名: | 涂料防腐蚀技术丛书 | |
| 单 册: | ||
| 中图分类: | TQ637 | |
| 科图分类: | ||
| 主题词: | 聚氨酯--树脂--防腐涂料--专用 | |
| 电子资源: | ||
| ISBN: | 7-5025-8145-6 | |
| 000 | 00734nam0 2200229 450 | |
| 001 | 0633854594 | |
| 005 | 20061010154854.67 | |
| 010 | @a7-5025-8145-6@dCNY 35.00 | |
| 100 | @a20060818d2006 km y0chiy0120 ea | |
| 101 | 0 | @achi |
| 102 | @aCN@b110000 | |
| 200 | 1 | @a聚氨酯树脂防腐蚀涂料及应用@Aju an zhi shu zhi fang fu shi tu liao ji ying yong@f刘娅莉,徐龙贵编著@Fliu ya li,xu long gui bian zhu |
| 210 | @a北京@c化学工业出版社@d2006.03 | |
| 215 | @a498页@d21cm | |
| 225 | 2 | @a涂料防腐蚀技术丛书 |
| 410 | 0 | @12001 @a涂料防腐蚀技术丛书 |
| 606 | 0 | @a聚氨酯@x树脂@x防腐涂料@x专用 |
| 690 | @aTQ637@v4 | |
| 701 | 0 | @a刘娅莉@Aliu ya li@4编著 |
| 701 | 0 | @a徐龙贵@Axu long gui@4编著 |
| 801 | @aCN@c20061010 | |
| 905 | @apdsgxy@dTQ637@eL703 | |
| 聚氨酯树脂防腐蚀涂料及应用/刘娅莉,徐龙贵编著.-北京:化学工业出版社,2006.03 |
| 498页;21cm.-(涂料防腐蚀技术丛书) |
| ISBN 7-5025-8145-6:CNY 35.00 |
| ● |
| 相关链接 |
|
|
|
正题名:聚氨酯树脂防腐蚀涂料及应用
索取号:TQ637/L703
 
预约/预借
| 序号 | 登录号 | 条形码 | 馆藏地/架位号 | 状态 | 备注 |
| 1 | 608410 | 206084100 | 期刊室512/501自科库 40排4列5层/ [索取号:TQ637/L703] | 在馆 | |
| 2 | 608411 | 206084119 | 自科库501/501自科库 40排4列5层/ [索取号:TQ637/L703] | 在馆 | |
| 3 | 608412 | 206084128 | 自科库501/501自科库 40排4列5层/ [索取号:TQ637/L703] | 在馆 |